000 00683nam a2200229 i 4500
001 22291
003 ES-MaACL
005 20240530125957.0
007 t|
008 021202s1965 sp ||||1| spa d
100 0 _aDante Alighieri,
_d1265-1321
_942657
245 1 0 _aDante en su centenario /
_cHelmut Hatzfeld ... [et al.].
260 _aMadrid :
_bTaurus,
_c[1965]
300 _a382 p. ;
_c21 cm.
490 1 _aPersiles ;
_v29
600 0 4 _aDante Alighieri,
_d1265-1321-
_xCrítica e interpretación
_942658
700 1 _aHatzfeld, Helmut.
_962079
830 1 0 _aPersiles ;
_v29
_9236720
852 _aES-MaACL
_jC-32070
942 _2udc
999 _c22291
_d22291